Una propuesta de reforma tributaria para la reactivación de la producción y el nivel de empleo para el período post pandémico (Registro nro. 20478)

Detalles MARC
000 -LEADER
fixed length control field 00552 a2200157 4500
001 - CONTROL NUMBER
control field ART_54455
005 - DATE AND TIME OF LATEST TRANSACTION
control field 20260410161800.0
008 - FIXED-LENGTH DATA ELEMENTS--GENERAL INFORMATION
fixed length control field 260409a
100 1# - MAIN ENTRY--PERSONAL NAME
Personal name Abelenda, Patricia
245 10 - TITLE STATEMENT
Title Una propuesta de reforma tributaria para la reactivación de la producción y el nivel de empleo para el período post pandémico
700 1# - ADDED ENTRY--PERSONAL NAME
Personal name Alzueta, Gerónimo
700 1# - ADDED ENTRY--PERSONAL NAME
Personal name Dreiling, Paola E.
700 1# - ADDED ENTRY--PERSONAL NAME
Personal name Fernández, Margarita
700 1# - ADDED ENTRY--PERSONAL NAME
Personal name Verrastro, María L.
773 0# - HOST ITEM ENTRY
Title Doctrina tributaria
Related parts - N°500 (nov. 2021)
Record control number REV4296

No hay ítems disponibles.